[Event "European Blitz 2015"]
[Site "Minsk BLR"]
[Date "2015.12.18"]
[Round "21.27"]
[White "Tukhaev, Adam"]
[Black "Makovskis, Georgijs"]
[Result "1-0"]
[WhiteTitle "GM"]
[WhiteElo "2564"]
[BlackElo "2236"]
[WhiteFideId "14109476"]
[BlackFideId "11601132"]
[EventDate "2015.12.18"]
[EventType "swiss (blitz)"]

1. e4 c5 2. Nf3 d6 3. d4 cxd4 4. Nxd4 Nf6 5. Nc3 Nc6 6. Bg5 e6 7. Qd2 a6 8.
O-O-O Qc7 9. f4 Bd7 10. Kb1 Be7 11. Nf3 O-O-O 12. Bh4 Rhe8 13. Bd3 h6 14. Bf2
Nb4 15. a3 Nxd3 16. cxd3 Bc6 17. Rc1 Qa5 18. Nd4 Rd7 19. Nb3 Qh5 20. Na4 Rc7 21.
Bb6 Bd8 22. Bxc7 Bxc7 23. Nc3 d5 24. e5 Nd7 25. Nd4 Nb8 26. Nce2 Kd7 27. Qb4 Qg6
28. Qb3 Qxg2 29. Nxc6 Qxe2 30. Qxb7 Qxd3+ 31. Ka1 1-0

[Event "European Blitz 2015"]
[Site "Minsk BLR"]
[Date "2015.12.18"]
[Round "21.28"]
[White "Zisman, Philip"]
[Black "Huzman, Alexander"]
[Result "0-1"]
[WhiteTitle "FM"]
[BlackTitle "GM"]
[WhiteElo "2304"]
[BlackElo "2581"]
[WhiteFideId "2805197"]
[BlackFideId "2803828"]
[EventDate "2015.12.18"]
[EventType "swiss (blitz)"]

1. d4 Nf6 2. Bg5 d5 3. Bxf6 gxf6 4. e3 c5 5. g3 cxd4 6. exd4 Qb6 7. b3 Nc6 8. c3
e5 9. dxe5 Bc5 10. Qd2 Bf5 11. Nf3 Be4 12. Bg2 Nxe5 13. Qe2 Bxf2+ 14. Kd1 O-O-O
15. Nbd2 Bd3 16. Qxe5 fxe5 17. Nxe5 Be4 18. Bh3+ Kb8 19. Rf1 Qe3 20. Nxf7 d4 21.
c4 Bd3 0-1

[Event "European Blitz 2015"]
[Site "Minsk BLR"]
[Date "2015.12.18"]
[Round "21.29"]
[White "Pustovoitova, Daria"]
[Black "Goganov, Aleksey"]
[Result "0-1"]
[WhiteTitle "FM"]
[BlackTitle "GM"]
[WhiteElo "2356"]
[BlackElo "2597"]
[WhiteFideId "4182146"]
[BlackFideId "24109959"]
[EventDate "2015.12.18"]
[EventType "swiss (blitz)"]

1. d4 Nf6 2. c4 e6 3. Nf3 Bb4+ 4. Nbd2 O-O 5. a3 Be7 6. e4 d6 7. Bd3 Nbd7 8. b3
e5 9. Bb2 exd4 10. Bxd4 Ng4 11. O-O Bf6 12. Bc2 Nc5 13. h3 Ne5 14. Nxe5 Bxe5 15.
Nf3 Bxd4 16. Nxd4 Qf6 17. b4 Ne6 18. Nf5 a5 19. Ne3 Nf4 20. Nd5 Nxd5 21. cxd5
Bd7 22. Qb1 Rfb8 23. b5 c6 24. a4 cxd5 25. exd5 g6 26. Qb3 Rc8 27. Rfe1 Rc3 28.
Qa2 Rac8 29. Be4 b6 30. Rad1 Kg7 31. Qd2 h5 32. Qe2 R8c4 33. Qa2 h4 34. Rd2 Qf4
35. Rde2 Qf6 36. Rd2 Qg5 37. Kh2 Qf4+ 38. Kg1 Rxe4 39. Rxe4 Rc1+ 0-1

[Event "European Blitz 2015"]
[Site "Minsk BLR"]
[Date "2015.12.18"]
[Round "21.30"]
[White "Bulanov, Dmitri"]
[Black "Dzhumagaliev, Yan"]
[Result "0-1"]
[WhiteTitle "FM"]
[BlackTitle "FM"]
[WhiteElo "2369"]
[BlackElo "2400"]
[WhiteFideId "13506382"]
[BlackFideId "24100110"]
[EventDate "2015.12.18"]
[EventType "swiss (blitz)"]

1. e4 c5 2. Nf3 Nc6 3. d4 cxd4 4. Nxd4 e6 5. Nc3 a6 6. Be2 Qc7 7. O-O Nf6 8. Bf3
Be7 9. Re1 Ne5 10. Bf4 d6 11. Bg3 h5 12. Be2 h4 13. Bf4 b5 14. h3 b4 15. Na4 Bd7
16. b3 Ng6 17. Bh2 O-O 18. Bd3 Rfc8 19. Kh1 Ne5 20. Be2 Nxe4 21. Bg1 Qb7 22. Nb2
Nc3 23. Qd2 Nxe2 24. Rxe2 Rc3 25. f3 a5 26. Rd1 Rac8 27. Bh2 Bf6 28. Qe1 R8c5
29. f4 Nc6 30. Nxc6 Bxc6 31. Nd3 Rxc2 32. Rdd2 Bc3 33. Rxc2 0-1

[Event "European Blitz 2015"]
[Site "Minsk BLR"]
[Date "2015.12.18"]
[Round "21.31"]
[White "Efanov, Nikolai"]
[Black "Shtembuliak, Evgeny"]
[Result "0-1"]
[WhiteTitle "IM"]
[BlackTitle "FM"]
[WhiteElo "2399"]
[BlackElo "2420"]
[WhiteFideId "4187997"]
[BlackFideId "14113325"]
[EventDate "2015.12.18"]
[EventType "swiss (blitz)"]

1. e4 e6 2. d4 d5 3. exd5 exd5 4. Bd3 Nc6 5. c3 Bd6 6. Qf3 Nge7 7. Bf4 Be6 8.
Ne2 Qd7 9. Bxd6 Qxd6 10. Qg3 O-O-O 11. Qxd6 Rxd6 12. Ng3 Ng6 13. Bxg6 hxg6 14.
Nd2 g5 15. O-O-O Ne7 16. Ngf1 Ng6 17. Ne3 Nf4 18. Nf3 f6 19. h3 Ra6 20. a3 Bf7
21. Ne1 Bg6 22. g3 Nxh3 23. Rd2 Re6 24. N1c2 Be4 25. Rf1 c6 26. f3 Bxc2 27. Nxc2
g4 28. fxg4 Ng5 29. Nb4 Rh3 30. Rg2 Re3 31. Rfg1 Ne4 32. Kd1 Nxg3 0-1

[Event "European Blitz 2015"]
[Site "Minsk BLR"]
[Date "2015.12.18"]
[Round "21.32"]
[White "Stupak, Kirill"]
[Black "Gorodetzky, David"]
[Result "0-1"]
[WhiteTitle "GM"]
[BlackTitle "FM"]
[WhiteElo "2542"]
[BlackElo "2342"]
[WhiteFideId "13503758"]
[BlackFideId "2813416"]
[EventDate "2015.12.18"]
[EventType "swiss (blitz)"]

1. d4 e6 2. g3 Nf6 3. Bg2 d5 4. Nf3 Be7 5. O-O b5 6. c3 O-O 7. Qb3 Bd7 8. Ne5
Be8 9. Nd2 a5 10. e4 a4 11. Qc2 c5 12. exd5 Nxd5 13. Ndf3 Nc6 14. Rd1 Nxe5 15.
Nxe5 cxd4 16. cxd4 Rc8 17. Qe2 f6 18. Nd3 Bf7 19. Bd2 Rc4 20. Nc5 Bxc5 21. dxc5
Qc7 22. Bxd5 exd5 23. b3 Re4 24. Qxb5 d4 25. Re1 Qe7 26. Qc6 Bg6 27. b4 f5 28.
b5 Bh5 29. Qd5+ Bf7 30. Qxf5 Re2 31. Qg5 Qe4 32. Rxe2 Qxe2 33. Re1 Qxb5 34. h4
Re8 35. Rxe8+ Qxe8 36. Bf4 Qe1+ 37. Kg2 Qe4+ 38. Kh2 h6 39. Qe5 Qf3 40. Qxd4 Bd5
41. Kh3 Qg2+ 42. Kg4 Be6+ 43. Kh5 Qf3+ 44. Kg6 Qg4+ 0-1

[Event "European Blitz 2015"]
[Site "Minsk BLR"]
[Date "2015.12.18"]
[Round "21.33"]
[White "Harutjunyan, Gevorg"]
[Black "Rogule, Laura"]
[Result "1-0"]
[WhiteTitle "GM"]
[BlackTitle "WGM"]
[WhiteElo "2436"]
[BlackElo "2289"]
[WhiteFideId "13300873"]
[BlackFideId "11601876"]
[EventDate "2015.12.18"]
[EventType "swiss (blitz)"]

1. e4 c5 2. Nf3 Nc6 3. d4 cxd4 4. Nxd4 Nf6 5. Nc3 d6 6. Bg5 e6 7. Bb5 Bd7 8.
Bxc6 bxc6 9. Qf3 Qb6 10. O-O-O Be7 11. Nb3 a5 12. e5 dxe5 13. Bxf6 gxf6 14. Ne4
a4 15. Nbc5 Rb8 16. b3 axb3 17. axb3 f5 18. Nxd7 fxe4 19. Qxe4 Qa5 20. Nxb8 1-0

[Event "European Blitz 2015"]
[Site "Minsk BLR"]
[Date "2015.12.18"]
[Round "21.34"]
[White "Grishchenko, Sergey1"]
[Black "Fargere, Francois"]
[Result "1-0"]
[WhiteTitle "IM"]
[BlackTitle "GM"]
[WhiteElo "2442"]
[BlackElo "2424"]
[WhiteFideId "4136730"]
[BlackFideId "615935"]
[EventDate "2015.12.18"]
[EventType "swiss (blitz)"]

1. d4 d5 2. c4 c6 3. Nc3 Nf6 4. cxd5 cxd5 5. Bf4 Nc6 6. e3 a6 7. Bd3 Bg4 8. Nge2
e6 9. O-O Be7 10. Rc1 O-O 11. Na4 Nd7 12. a3 Rc8 13. Rc3 Na5 14. f3 Bh5 15. Qc2
Rxc3 16. Qxc3 Nc4 17. b3 Nxa3 18. Rc1 Nb5 19. Qd2 Bg6 20. e4 dxe4 21. fxe4 Bh5
22. Ng3 Nxd4 23. Nxh5 Nxb3 24. Qc3 e5 25. Rf1 b5 26. Nb2 Qb6+ 27. Kh1 Qg6 28.
Qxb3 Qxh5 29. Bg3 Nc5 30. Qc2 b4 31. Bc4 a5 32. Bd5 Kh8 33. Qc4 f6 34. Bf2 Rc8
35. Qb5 Qg6 36. Re1 Bf8 37. Qxa5 b3 38. Qb5 h5 39. h3 Qg5 40. Bxc5 Bxc5 41. Bxb3
Qd2 42. Qe2 Qc3 43. Qxh5# 1-0

[Event "European Blitz 2015"]
[Site "Minsk BLR"]
[Date "2015.12.18"]
[Round "21.35"]
[White "Pershin, Denis"]
[Black "Bodnaruk, Anastasia"]
[Result "1-0"]
[BlackTitle "IM"]
[WhiteElo "2375"]
[BlackElo "2456"]
[WhiteFideId "24165506"]
[BlackFideId "4181751"]
[EventDate "2015.12.18"]
[EventType "swiss (blitz)"]

1. e4 c5 2. Nf3 d6 3. d4 cxd4 4. Nxd4 Nf6 5. Nc3 a6 6. Bg5 Nbd7 7. f4 Qc7 8. Qf3
h6 9. Bxf6 Nxf6 10. f5 Qc5 11. O-O-O g5 12. fxg6 Bg4 13. gxf7+ Kxf7 14. Qd3 Bxd1
15. Nxd1 e6 16. Be2 h5 17. Rf1 Bg7 18. Qc4 Qe5 19. Qc7+ Kg6 20. Nf3 Qc5 21. Nh4+
Kh7 22. Qxc5 dxc5 23. e5 Nd5 24. c4 Nb4 25. a3 Nc6 26. Rf7 Nxe5 27. Rxb7 Rab8
28. Re7 Rhe8 29. Rc7 Rec8 30. Re7 Rc6 31. Bxh5 Nd3+ 32. Kc2 Nf4 33. Bf3 Rd6 34.
Be4+ Kh6 35. Nf3 Rbd8 36. g4 Nh3 37. b4 cxb4 38. Ne3 b3+ 39. Kxb3 Rd3+ 40. Bxd3
Rxd3+ 41. Kb4 Rxe3 42. g5+ Kg6 43. Nh4+ Kxg5 44. Rxg7+ Kxh4 45. c5 Ng5 46. c6
Re1 47. Rd7 Rc1 48. Rd4+ Kh5 49. Rc4 Rb1+ 50. Kc5 Rb8 51. c7 Rc8 52. Kd6 Nf7+
53. Kxe6 Kg6 54. Rc5 Re8+ 55. Kd7 Rh8 56. c8=Q Rxc8 57. Rxc8 a5 58. Rc5 a4 59.
Ke7 Ng5 60. Rc4 Nf3 61. Rxa4 Nxh2 62. Rb4 Nf3 63. a4 Ne5 64. Kd6 Nd3 65. Rc4 Nb2
66. Rd4 1-0

[Event "European Blitz 2015"]
[Site "Minsk BLR"]
[Date "2015.12.18"]
[Round "21.36"]
[White "Pavlov, Sergey2"]
[Black "Savenkov, Konstantin"]
[Result "0-1"]
[WhiteTitle "IM"]
[BlackTitle "FM"]
[WhiteElo "2454"]
[BlackElo "2325"]
[WhiteFideId "14114330"]
[BlackFideId "4138600"]
[EventDate "2015.12.18"]
[EventType "swiss (blitz)"]

1. Nf3 Nf6 2. c4 g6 3. g3 Bg7 4. Bg2 O-O 5. O-O d5 6. cxd5 Nxd5 7. Nc3 Nc6 8. d4
e5 9. Nxd5 e4 10. Ng5 Qxd5 11. Nxe4 Qxd4 12. Qb3 Qb6 13. Nc3 Nd4 14. Qxb6 axb6
15. Bf4 c6 16. Rad1 Bg4 17. Rfe1 Rfe8 18. f3 Be6 19. e3 Nf5 20. e4 Nd4 21. a3
Nc2 22. Re2 Nxa3 23. Bf1 Nc4 24. Rc2 b5 25. Bc1 Red8 26. Rxd8+ Rxd8 27. b3 Bd4+
28. Kg2 Ne3+ 29. Bxe3 Bxe3 30. b4 Rd2+ 31. Rxd2 Bxd2 32. Nxb5 cxb5 33. Bxb5 Bxb4
34. Kf2 Kf8 35. Ke3 Bc5+ 36. Kd3 Ke7 37. f4 Bg1 38. h4 Bh2 39. Ke3 Bxg3 40. h5
gxh5 41. f5 Bd7 42. Bc4 h4 43. Kf3 b5 44. Bb3 h5 45. Bd1 Bc6 46. Ke3 h3 47. Bxh5
h2 48. Bf3 Be5 49. Kf2 b4 50. Ke3 b3 51. Kd2 b2 52. Kc2 Bb5 0-1

[Event "European Blitz 2015"]
[Site "Minsk BLR"]
[Date "2015.12.18"]
[Round "21.37"]
[White "Djuric, Stefan"]
[Black "Triapishko, Olexandr"]
[Result "1-0"]
[WhiteTitle "GM"]
[WhiteElo "2393"]
[BlackElo "2471"]
[WhiteFideId "900133"]
[BlackFideId "14122286"]
[EventDate "2015.12.18"]
[EventType "swiss (blitz)"]

1. Nf3 Nf6 2. c4 g6 3. Nc3 d5 4. cxd5 Nxd5 5. Qb3 Nb6 6. d4 Bg7 7. Bf4 Be6 8.
Qc2 O-O 9. Rd1 c6 10. h3 Na6 11. e4 Nb4 12. Qb1 a5 13. Be2 Bc4 14. O-O Bxe2 15.
Nxe2 e6 16. a3 Na6 17. Qc1 Qe7 18. Be3 Rac8 19. Bg5 f6 20. Bd2 c5 21. Qb1 Nc4
22. Bc3 Rfd8 23. Qa2 cxd4 24. Nexd4 Rd7 25. Nb5 b6 26. Nfd4 Kh8 27. Rfe1 e5 28.
Nc2 Rxd1 29. Rxd1 Qc5 30. Rd5 Qe7 31. Qb3 Bh6 32. g3 Kg7 33. h4 Kh8 34. Kg2 Rc6
35. Ne1 Nd6 36. Nxd6 Rxd6 37. Rxd6 Qxd6 38. Qf7 Nc5 39. Qe8+ Qf8 40. Qc6 a4 41.
Nf3 Qe7 42. Qd5 Kg7 43. Bb4 Bc1 44. Bc3 h5 45. Bb4 Bxb2 46. Nd2 Bd4 47. Nc4 Qc7
48. Nd6 Kh7 49. Ne8 Qe7 50. Nd6 Qd7 51. Bd2 1-0

[Event "European Blitz 2015"]
[Site "Minsk BLR"]
[Date "2015.12.18"]
[Round "21.38"]
[White "Khoroshilov, Nikita"]
[Black "Smirnov, Alexey"]
[Result "1-0"]
[WhiteElo "2294"]
[BlackElo "2455"]
[WhiteFideId "24145122"]
[BlackFideId "4168437"]
[EventDate "2015.12.18"]
[EventType "swiss (blitz)"]

1. Nf3 Nf6 2. d3 d5 3. Nbd2 c5 4. e4 Nc6 5. g3 e5 6. Bg2 Be7 7. O-O O-O 8. Re1
d4 9. Nc4 Nd7 10. a4 Rb8 11. Rf1 b6 12. Ne1 a6 13. f4 b5 14. axb5 axb5 15. Nxe5
Ndxe5 16. fxe5 Nxe5 17. Bf4 Bd6 18. Nf3 f6 19. Qe2 Qc7 20. Nxe5 fxe5 21. Bg5 Bd7
22. h4 c4 23. Kh2 h6 24. Bd2 cxd3 25. cxd3 Qc2 26. Ra7 Rxf1 27. Qxf1 Be6 28.
Bxh6 Bf8 29. Qc1 Qxc1 30. Bxc1 Rc8 31. Bg5 Rc2 32. Be7 Bxe7 33. Rxe7 Bg4 34. Kg1
Rxb2 35. Rxe5 Be2 36. Rd5 Rb4 37. e5 Bxd3 38. e6 Kf8 39. Rd7 Bg6 40. e7+ Ke8 41.
Bc6 Rb1+ 42. Kf2 Rb2+ 43. Kf3 Rc2 44. Rc7+ Rxc6 45. Rxc6 Bf7 46. Rb6 Bc4 47. Ke4
d3 48. Ke3 Kxe7 49. g4 Kf7 50. h5 Kg8 51. g5 Kh7 52. Kd2 Kg8 53. Ke3 Kh7 54. Rb7
Kg8 55. Kd2 Kh8 56. Ke3 Kg8 57. Rd7 Kf8 58. h6 gxh6 59. gxh6 Kg8 60. Kf4 Kh8 61.
Kg5 b4 62. Kg6 d2 63. Rd8+ 1-0

[Event "European Blitz 2015"]
[Site "Minsk BLR"]
[Date "2015.12.18"]
[Round "21.39"]
[White "Sarana, Alexey"]
[Black "Vorontsov, Pavlo"]
[Result "1-0"]
[BlackTitle "IM"]
[WhiteElo "2432"]
[BlackElo "2395"]
[WhiteFideId "24133795"]
[BlackFideId "14116367"]
[EventDate "2015.12.18"]
[EventType "swiss (blitz)"]

1. Nf3 b6 2. d4 Bb7 3. c4 e6 4. g3 Bb4+ 5. Nbd2 Nf6 6. Bg2 O-O 7. a3 Bxd2+ 8.
Qxd2 d6 9. O-O Nbd7 10. b4 a5 11. Bb2 Be4 12. Rfd1 Qe7 13. Bh3 h6 14. Qc3 axb4
15. axb4 Rxa1 16. Rxa1 Ra8 17. Rxa8+ Bxa8 18. Nd2 Qe8 19. f3 c5 20. dxc5 dxc5
21. b5 Nf8 22. Kf2 Qd7 23. Nb3 Ng6 24. Nc1 Qc7 25. Nd3 h5 26. Qd2 h4 27. Qg5
hxg3+ 28. hxg3 Qd8 29. Qe3 Qd6 30. Ne5 Nxe5 31. Bxe5 Qd8 32. Qf4 Nd7 33. Bc7 Qe7
34. Qd2 f5 35. Qa2 Qe8 36. Qa7 Kh7 37. Bxb6 Qh5 38. Bg2 Nxb6 39. Qxb6 f4 40.
Qxe6 fxg3+ 41. Kxg3 Qg5+ 42. Kf2 Qd8 43. Qf5+ Kh8 44. Qxc5 Qh4+ 45. Kf1 Qd8 46.
Qe3 Bb7 47. Qe5 Bc8 48. Qh5+ Kg8 49. Qd5+ 1-0

[Event "European Blitz 2015"]
[Site "Minsk BLR"]
[Date "2015.12.18"]
[Round "21.40"]
[White "Savitskiy, Sergey"]
[Black "Smirin, Ilia"]
[Result "0-1"]
[WhiteTitle "FM"]
[BlackTitle "GM"]
[WhiteElo "2365"]
[BlackElo "2658"]
[WhiteFideId "24105660"]
[BlackFideId "2801990"]
[EventDate "2015.12.18"]
[EventType "swiss (blitz)"]

1. e4 g6 2. d4 Bg7 3. Nc3 d6 4. f4 Nf6 5. Nf3 O-O 6. Be2 c5 7. dxc5 Qa5 8. O-O
Qxc5+ 9. Kh1 Nc6 10. Bd3 Qh5 11. a3 Bg4 12. Qe1 Nd7 13. Be3 Nc5 14. Kg1 Nxd3 15.
cxd3 f5 16. h3 Bxf3 17. Rxf3 e6 18. Rc1 Nd4 19. Rf1 Rac8 20. Qf2 Nb3 21. Rc2 Nc5
22. Qd2 fxe4 23. dxe4 Rc6 24. Bxc5 Qxc5+ 25. Kh1 Qc4 26. Rcc1 Bxc3 27. Qxc3 Qxe4
28. Qd2 e5 29. Rxc6 Qxc6 30. Rc1 Qe4 31. fxe5 dxe5 32. Rc7 Kh8 33. Kh2 Qf4+ 34.
Qxf4 exf4 35. Rxb7 f3 36. gxf3 Rxf3 37. Kg2 Rd3 38. h4 a5 39. a4 Rd4 40. b3 Rxh4
41. Rb5 Kg7 42. Rxa5 Rb4 43. Rb5 Rd4 44. Kf3 h5 45. a5 Rd3+ 46. Ke4 Rd1 47. b4
h4 48. a6 h3 49. a7 h2 50. Rb7+ Kh6 51. a8=Q h1=Q+ 52. Ke5 Qd5+ 0-1

[Event "European Blitz 2015"]
[Site "Minsk BLR"]
[Date "2015.12.18"]
[Round "21.41"]
[White "Sharafiev, Azat"]
[Black "Novitzkij, Dmitrij"]
[Result "1-0"]
[WhiteTitle "IM"]
[BlackTitle "IM"]
[WhiteElo "2420"]
[BlackElo "2317"]
[WhiteFideId "4186214"]
[BlackFideId "13500619"]
[EventDate "2015.12.18"]
[EventType "swiss (blitz)"]

1. Nf3 d5 2. g3 g6 3. Bg2 Bg7 4. O-O e5 5. c4 c6 6. cxd5 cxd5 7. d3 Nc6 8. Nc3
Nge7 9. e4 dxe4 10. Nxe4 O-O 11. Bg5 f6 12. Be3 Nd5 13. Bc5 Nce7 14. Qb3 Kh8 15.
Nd6 Be6 16. Qxb7 Rb8 17. Qxa7 Rxb2 18. Qa3 Rb8 19. Rfb1 Qd7 20. Nc4 Rfc8 21.
Rxb8 Rxb8 22. Nfd2 Nc6 23. Ne4 f5 24. Ng5 Bg8 25. Bd6 Rc8 26. Bxd5 Bxd5 27. Nb6
Qd8 28. Nxd5 e4 29. Nf7+ 1-0

[Event "European Blitz 2015"]
[Site "Minsk BLR"]
[Date "2015.12.18"]
[Round "21.42"]
[White "Teterev, Vitaly"]
[Black "Tyutyunnikov, Alexey"]
[Result "0-1"]
[WhiteTitle "GM"]
[WhiteElo "2494"]
[BlackElo "2295"]
[WhiteFideId "13501429"]
[BlackFideId "4137060"]
[EventDate "2015.12.18"]
[EventType "swiss (blitz)"]

1. e4 c5 2. Nf3 e6 3. d3 d5 4. Nbd2 Nf6 5. g3 Nc6 6. Bg2 Be7 7. O-O b6 8. Re1
Bb7 9. c3 Qc7 10. Nf1 O-O-O 11. Bf4 e5 12. Nxe5 Nxe5 13. d4 Nxe4 14. Bxe5 Bd6
15. Bxg7 Rhg8 16. Bh6 f5 17. Qh5 f4 18. Bxf4 Bxf4 19. Qf5+ Kb8 20. Qxf4 Qxf4 21.
gxf4 Rdf8 22. f3 Nd6 23. Ng3 Rxf4 24. Rad1 Nf5 25. Kf2 Nh4 26. Re7 h5 27. Rde1
Bc6 28. dxc5 bxc5 29. R1e6 Bb5 30. Bh1 d4 31. Nxh5 Rf5 32. Ng3 Rf4 33. Re4 Ng6
34. Rxf4 Nxf4 35. cxd4 cxd4 36. Ke1 Rc8 37. Kd2 Bd3 38. Rf7 Rc2+ 39. Kd1 Nh3 40.
Ne4 Bxe4 41. fxe4 Rxh2 42. Bf3 Nf2+ 43. Ke1 Nd3+ 44. Kf1 Rxb2 45. Bg4 Ne5 46.
Rg7 Rxa2 47. Bh5 d3 48. Re7 Nc6 49. Re6 Kc7 50. Ke1 Rh2 51. Bg4 Nd4 52. Re7+ Kd6
53. Re8 Nc2+ 54. Kd1 Ne3+ 55. Ke1 d2# 0-1

[Event "European Blitz 2015"]
[Site "Minsk BLR"]
[Date "2015.12.18"]
[Round "21.43"]
[White "Sychev, Klementy"]
[Black "Olhovik, Andrei"]
[Result "1/2-1/2"]
[WhiteTitle "IM"]
[WhiteElo "2415"]
[BlackElo "2308"]
[WhiteFideId "4114060"]
[BlackFideId "13507397"]
[EventDate "2015.12.18"]
[EventType "swiss (blitz)"]

1. d4 Nf6 2. c4 e6 3. Nf3 Bb4+ 4. Nbd2 O-O 5. a3 Bxd2+ 6. Bxd2 d6 7. g3 Ne4 8.
Bf4 b6 9. Bg2 Bb7 10. O-O Nd7 11. Ng5 Ndf6 12. Qc2 d5 13. cxd5 Qxd5 14. Nxe4
Nxe4 15. Qxc7 Rac8 16. Qe5 Qxe5 17. dxe5 Rc2 18. b4 h6 19. Rfc1 Rfc8 20. Be3 Bd5
21. Bf3 R8c3 22. Rxc2 Rxc2 23. Rc1 Rxc1+ 24. Bxc1 Nc3 25. Bxd5 Nxd5 26. Bd2 b5
27. f3 a6 28. Kf2 1/2-1/2

[Event "European Blitz 2015"]
[Site "Minsk BLR"]
[Date "2015.12.18"]
[Round "21.44"]
[White "Vovk, Orest"]
[Black "Loginov, Valery A"]
[Result "1/2-1/2"]
[BlackTitle "GM"]
[WhiteElo "2279"]
[BlackElo "2486"]
[WhiteFideId "14113490"]
[BlackFideId "4126297"]
[EventDate "2015.12.18"]
[EventType "swiss (blitz)"]

1. h4 d5 2. h5 h6 3. e4 dxe4 4. Nc3 Nf6 5. Qe2 Nc6 6. Nxe4 Nxe4 7. Qxe4 Be6 8.
c3 Qd5 9. Qxd5 Bxd5 10. d4 O-O-O 11. Nf3 Bxf3 12. gxf3 e5 13. dxe5 Nxe5 14. Be2
Bc5 15. Be3 Bxe3 16. fxe3 Rhe8 17. Rd1 Rxd1+ 18. Kxd1 f5 19. Rg1 Re7 20. f4 Nd7
21. Bd3 Rxe3 22. Bxf5 Re7 23. Kc2 c6 24. Rg6 Kc7 25. Bxd7 Kxd7 26. f5 Rf7 27. f6
gxf6 28. Rxh6 Ke6 29. Rh8 Kf5 30. Kd3 Re7 31. a4 Kg5 32. b4 f5 33. h6 Kg6 34. a5
a6 35. Kd4 Rh7 36. Rg8+ Kf6 37. Rf8+ Ke6 38. Re8+ Kf6 39. Rf8+ Kg5 40. Ke5 Re7+
41. Kd6 Rh7 42. Ke5 Re7+ 43. Kd6 Rh7 44. Ke5 Re7+ 45. Kd6 Rh7 46. Ke5 Re7+ 47.
Kd6 Rh7 48. Ke5 Re7+ 49. Kd6 Rh7 50. Ke5 Re7+ 51. Kd6 Rh7 52. Ke5 1/2-1/2

[Event "European Blitz 2015"]
[Site "Minsk BLR"]
[Date "2015.12.18"]
[Round "21.45"]
[White "Shukh, Nikolai"]
[Black "Chizhikov, Vladislav"]
[Result "1/2-1/2"]
[WhiteTitle "IM"]
[WhiteElo "2435"]
[BlackElo "2229"]
[WhiteFideId "24102580"]
[BlackFideId "4178157"]
[EventDate "2015.12.18"]
[EventType "swiss (blitz)"]

1. d4 d5 2. c4 e5 3. dxe5 d4 4. Nf3 Nc6 5. g3 Be6 6. Bg2 Bxc4 7. O-O Bd5 8. Nbd2
Nge7 9. Nb3 Ng6 10. Nbxd4 Ncxe5 11. Qa4+ c6 12. Rd1 Nxf3+ 13. Nxf3 Qb6 14. e4
Be6 15. Be3 Qb4 16. Qc2 Be7 17. Nd4 Bg4 18. Re1 O-O 19. h3 Bd7 20. Rad1 Bf6 21.
f4 Qa5 22. e5 Be7 23. Nb3 Qc7 24. Nc5 Bc8 25. Ne4 Bf5 26. g4 Bc8 27. Nd6 Bh4 28.
Rf1 Ne7 29. f5 Qa5 30. f6 Ng6 31. fxg7 Kxg7 32. Bd4 Be6 33. Nf5+ Kg8 34. b3 Bd8
35. Bc5 Bb6 36. Bxb6 axb6 37. Rf2 Qxe5 38. Qd2 Rae8 39. Re1 Qc5 40. Nh6+ Kh8 41.
Qb2+ f6 42. Rf1 Ne5 43. Kh1 Nd3 44. Qd2 Nxf2+ 45. Rxf2 Bd5 46. Nf5 Bxg2+ 47.
Kxg2 Qd5+ 48. Qxd5 cxd5 49. Rd2 Ra8 50. Rxd5 Rxa2+ 51. Kg3 Ra5 52. Rd7 Rb5 53.
Rxb7 Rxb3+ 54. Kh4 b5 55. Nd6 b4 56. Nf7+ Rxf7 57. Rxf7 Rf3 58. Rb7 b3 59. g5 f5
60. Rb5 Kg7 61. Rb6 Kf7 62. Rb7+ Kg8 63. Rb8+ Kg7 64. Rb6 h5 65. gxh6+ Kh7 66.
Kg5 Rxh3 67. Rb7+ Kh8 68. Kg6 Rg3+ 69. Kxf5 Rc3 70. Kg6 Rc6+ 71. Kg5 Rc5+ 72.
Kg6 Rc6+ 1/2-1/2

[Event "European Blitz 2015"]
[Site "Minsk BLR"]
[Date "2015.12.18"]
[Round "21.46"]
[White "Matinian, Nikita"]
[Black "Polivanov, Anatoliy"]
[Result "1-0"]
[WhiteTitle "IM"]
[BlackTitle "IM"]
[WhiteElo "2470"]
[BlackElo "2426"]
[WhiteFideId "24129100"]
[BlackFideId "14109468"]
[EventDate "2015.12.18"]
[EventType "swiss (blitz)"]

1. e4 g6 2. d4 Bg7 3. Nc3 d6 4. Be3 a6 5. Qd2 b5 6. h4 h5 7. O-O-O Nd7 8. f3 Bb7
9. Nge2 c5 10. dxc5 dxc5 11. Bg5 Ngf6 12. Nf4 Qa5 13. Kb1 O-O 14. Ncd5 Qd8 15.
g4 Ne5 16. gxh5 Nxf3 17. Qe3 Nxg5 18. hxg5 Nxd5 19. Nxd5 Bxd5 20. Rxd5 Qa5 21.
hxg6 fxg6 22. Bh3 Qb6 23. Qxc5 Rab8 24. a3 e6 25. Qxb6 Rxb6 26. Rd7 Be5 27. Bg4
Rf7 28. Rd8+ Rf8 29. Rd7 Rf7 30. Rxf7 Kxf7 31. Rf1+ Ke7 32. Rh1 Bg7 33. Be2 Rc6
34. Bd3 Rc5 35. Rg1 Be5 36. Rg4 Bd4 37. e5 Bxe5 38. Bxg6 Kf8 39. Bd3 Kg7 40. g6
Bf6 41. Rg1 Rh5 42. Re1 Be5 43. Ka2 Rh2 44. Rxe5 1-0

[Event "European Blitz 2015"]
[Site "Minsk BLR"]
[Date "2015.12.18"]
[Round "21.47"]
[White "Konenkin, Dmitry"]
[Black "Balashov, Yuri S"]
[Result "0-1"]
[WhiteTitle "FM"]
[BlackTitle "GM"]
[WhiteElo "2243"]
[BlackElo "2408"]
[WhiteFideId "4185781"]
[BlackFideId "4100263"]
[EventDate "2015.12.18"]
[EventType "swiss (blitz)"]

1. d4 d6 2. e4 Nf6 3. Nc3 g6 4. Be2 Bg7 5. g4 c5 6. d5 a6 7. g5 Nfd7 8. a4 h6 9.
h4 hxg5 10. Bxg5 Nf6 11. Qd3 Nbd7 12. f4 Qa5 13. Nf3 b5 14. Kf1 c4 15. Qe3 Ng4
16. Qg1 Bxc3 17. bxc3 Qxc3 18. Qd4 Qxd4 19. Nxd4 Nc5 20. Bf3 f6 21. Rg1 Nh2+ 22.
Ke2 Nxf3 23. Kxf3 b4 24. Nc6 fxg5 25. Rxg5 b3 26. cxb3 cxb3 27. Rxg6 Bd7 28. Nd4
Kf7 29. Rag1 Rag8 30. f5 Bxa4 31. Ne6 Bd7 32. Rg7+ Rxg7 33. Rxg7+ Ke8 34. f6
Bxe6 35. Rxe7+ Kd8 36. dxe6 b2 37. Ra7 b1=Q 38. Ra8+ Kc7 39. Rxh8 Qxe4+ 40. Kg3
Qe5+ 41. Kg4 Qxe6+ 42. Kg5 Ne4+ 0-1

[Event "European Blitz 2015"]
[Site "Minsk BLR"]
[Date "2015.12.18"]
[Round "21.48"]
[White "Reprintsev, Alexander"]
[Black "Ginzburg, Mikhail"]
[Result "0-1"]
[WhiteTitle "IM"]
[BlackTitle "FM"]
[WhiteElo "2321"]
[BlackElo "2229"]
[WhiteFideId "14100541"]
[BlackFideId "13501097"]
[EventDate "2015.12.18"]
[EventType "swiss (blitz)"]

1. e4 e6 2. Qe2 Be7 3. d4 d5 4. e5 c5 5. Qg4 Bf8 6. dxc5 h5 7. Qg3 Nd7 8. Nc3
Nxc5 9. Be3 Qa5 10. O-O-O Bd7 11. Nf3 Rc8 12. Bd3 Nxd3+ 13. Rxd3 Nh6 14. Bxh6
Rxh6 15. h4 b5 16. Kb1 b4 17. Ne2 Bb5 18. Rd2 Rg6 19. Ng5 b3 20. Qxb3 Bc4 21. c3
Bxb3 22. axb3 Qb6 23. Nc1 Be7 24. f4 f6 25. exf6 gxf6 26. Nf3 Kf7 27. f5 exf5
28. Nd4 Bd6 29. Nxf5 Bf4 30. Rxd5 Bxc1 31. Nd6+ Ke6 32. Nxc8 Qxb3 33. Rd6+ Ke5
34. Rxc1 Rxg2 35. Re1+ Kf4 36. Rxf6+ Kg3 0-1